[Event "Corus 2010"]
[Site "Wijk aan Zee"]
[Date "16.01.2010"]
[Round "1"]
[White "Karjakin,Sergey"]
[Black "Anand,V"]
[Result "1/2-1/2"]
[WhiteElo "2720"]
[BlackElo "2790"]
[EventDate "2010.01.16"]

1. e4 e5 2. Nf3 Nc6 3. Bb5 a6 4. Ba4 Nf6 5. O-O b5 6. Bb3 Bc5 7. c3 d6 8.
a4 Rb8 9. d4 Bb6 10. axb5 axb5 11. Na3 O-O 12. Nxb5 Bg4 13. Bc2 exd4 14.
Nbxd4 Nxd4 15. cxd4 Bxf3 16. gxf3 Nh5 17. Kh1 Qf6 18. Ra4 Ra8 19. Be3 Rxa4
20. Bxa4 Nf4 21. Rg1 g6 22. Bb3 Rb8 23. Rg4 Ne6 24. Bxe6 Qxe6 25. Rg1 c5
26. d5 Qf6 27. b3 c4 28. Bxb6 Rxb6 29. bxc4 Rb2 30. c5 Rxf2 31. Rf1 Rb2 32.
Qe1 dxc5 33. e5 Qf4 34. Rf2 Rxf2 35. Qxf2 c4 36. d6 Qxe5 37. d7 Qc7 38. Qd4
Qd8 39. Kg2 c3 40. Qxc3 Qxd7 1/2-1/2

[Event "Corus 2010"]
[Site "Wijk aan Zee"]
[Date "16.01.2010"]
[Round "1"]
[White "Dominguez Perez,L"]
[Black "Kramnik,V"]
[Result "1/2-1/2"]
[WhiteElo "2712"]
[BlackElo "2788"]
[EventDate "2010.01.16"]

1. e4 e5 2. Nf3 Nf6 3. Nxe5 d6 4. Nf3 Nxe4 5. d4 d5 6. Bd3 Nc6 7. O-O Be7
8. c4 Nb4 9. Re1 Nxd3 10. Qxd3 c6 11. cxd5 cxd5 12. Qb5+ Qd7 13. Qb3 O-O
14. Nc3 Nxc3 15. bxc3 Re8 16. Ba3 Bxa3 17. Qxa3 b6 18. h3 h6 19. Rab1 Qc6
20. Rxe8+ Qxe8 21. Re1 Qf8 22. Qa4 Be6 23. Re3 1/2-1/2

[Event "Corus 2010"]
[Site "Wijk aan Zee"]
[Date "16.01.2010"]
[Round "1"]
[White "Caruana,F"]
[Black "Ivanchuk,V"]
[Result "1/2-1/2"]
[WhiteElo "2675"]
[BlackElo "2749"]
[EventDate "2010.01.16"]

1. e4 c5 2. Nf3 d6 3. d4 cxd4 4. Nxd4 Nf6 5. Nc3 a6 6. h3 e6 7. g4 Be7 8.
Bg2 Nfd7 9. Be3 Nc6 10. O-O O-O 11. f4 Nxd4 12. Qxd4 b5 13. Qd2 Bb7 14. g5
Rc8 15. Ne2 Rc4 16. b3 Rc7 17. Ng3 Qa8 18. f5 Rfc8 19. Rac1 Nc5 20. fxe6
fxe6 21. Qe2 Nxe4 22. Bxe4 Bxe4 23. Bb6 Rxc2 24. Rxc2 Rxc2 25. Qxe4 Qxe4
26. Nxe4 d5 27. Nf2 Bxg5 28. Re1 Kf7 29. Nd3 Rxa2 30. Ne5+ Kf6 31. Nd7+ Kf7
32. Ne5+ Kf6 33. Nd7+ Kf7 34. Ne5+ 1/2-1/2

[Event "Corus 2010"]
[Site "Wijk aan Zee"]
[Date "16.01.2010"]
[Round "1"]
[White "Tiviakov,S"]
[Black "Carlsen,M"]
[Result "1/2-1/2"]
[WhiteElo "2662"]
[BlackElo "2810"]
[EventDate "2010.01.16"]

1. e4 e5 2. Nf3 Nc6 3. Bb5 a6 4. Ba4 Nf6 5. Qe2 Bd6 6. c3 O-O 7. d3 Re8 8.
Bg5 b5 9. Bb3 Na5 10. Bc2 c5 11. Nbd2 Nc6 12. Nf1 Be7 13. Ne3 d6 14. O-O
Be6 15. Bxf6 Bxf6 16. Bb3 Rb8 17. Rfd1 Qd7 18. Bd5 Bd8 19. a4 bxa4 20. Qc2
Na5 21. Qxa4 Qxa4 22. Rxa4 Rxb2 23. Nd2 Bc7 24. Ndc4 Rb5 25. Bxe6 fxe6 26.
Nxd6 Bxd6 27. c4 Rb6 1/2-1/2

[Event "Corus 2010"]
[Site "Wijk aan Zee"]
[Date "16.01.2010"]
[Round "1"]
[White "Van Wely,L"]
[Black "Short,N"]
[Result "1-0"]
[WhiteElo "2641"]
[BlackElo "2696"]
[EventDate "2010.01.16"]

1. d4 Nf6 2. c4 e6 3. Nf3 d5 4. Nc3 Nbd7 5. cxd5 exd5 6. Bg5 c6 7. e3 Be7
8. Qc2 O-O 9. Bd3 Re8 10. h3 Nf8 11. Bf4 a5 12. O-O Ng6 13. Bh2 Bd6 14.
Bxd6 Qxd6 15. Rfe1 Be6 16. a3 Re7 17. Rab1 Rae8 18. b4 axb4 19. axb4 Bd7
20. b5 Ne4 21. bxc6 bxc6 22. Rb6 Nxc3 23. Qxc3 Qf6 24. Bxg6 Qxg6 25. Kf1 f6
26. Ra1 Qh5 27. Ne1 Qf5 28. Kg1 Qg5 29. Kh2 Qf5 30. Nd3 Qe6 31. Kg1 Rc8 32.
Rb7 Rf7 33. Raa7 Be8 34. Qb4 Rd8 35. Nc5 Qc8 36. Qb6 h5 37. Rc7 Rxc7 38.
Rxc7 Qa8 39. Ra7 Qc8 40. Rb7 Bf7 41. Qa7 Rf8 42. Nd7 Re8 43. Nxf6+ gxf6 44.
Rxf7 Qf5 45. Rg7+ Kh8 46. Qf7 1-0

[Event "Corus 2010"]
[Site "Wijk aan Zee"]
[Date "17.01.2010"]
[Round "2"]
[White "Carlsen,M"]
[Black "Smeets,J"]
[Result "1-0"]
[WhiteElo "2810"]
[BlackElo "2657"]
[EventDate "2010.01.16"]

1. c4 c6 2. Nf3 d5 3. d4 Nf6 4. Nc3 e6 5. Bg5 dxc4 6. e4 b5 7. e5 h6 8. Bh4
g5 9. Nxg5 hxg5 10. Bxg5 Nbd7 11. exf6 Bb7 12. g3 c5 13. d5 Qb6 14. Bg2
O-O-O 15. O-O b4 16. Na4 Qb5 17. a3 Nb8 18. axb4 cxb4 19. Qd4 Nc6 20. Nb6+
axb6 21. dxc6 Bxc6 22. Bxc6 Qxc6 23. Qg4 Bc5 24. Ra7 Rd7 25. Rxd7 Kxd7 26.
h4 Kc7 27. h5 e5 28. h6 Bd4 29. Qe2 b3 30. Be3 Qd5 31. Rd1 Kc6 32. Qg4 b5
33. Bxd4 exd4 34. Rxd4 Qe5 35. Qd7+ Kc5 36. Qa7+ Kc6 37. Qd7+ Kc5 38. Rf4
Qxb2 39. Rf5+ Kb4 40. Qxb5+ Kc3 41. Rf3+ 1-0

[Event "Corus 2010"]
[Site "Wijk aan Zee"]
[Date "17.01.2010"]
[Round "2"]
[White "Shirov,A"]
[Black "Caruana,F"]
[Result "1-0"]
[WhiteElo "2723"]
[BlackElo "2675"]
[EventDate "2010.01.16"]

1. e4 e5 2. Nf3 Nc6 3. Bb5 a6 4. Ba4 Nf6 5. O-O Nxe4 6. d4 b5 7. Bb3 d5 8.
dxe5 Be6 9. Nbd2 Nc5 10. c3 Be7 11. Bc2 d4 12. Nb3 d3 13. Bb1 Nxb3 14. axb3
Bf5 15. b4 O-O 16. Re1 Qd7 17. h3 Bg6 18. Ba2 Kh8 19. Bf4 a5 20. bxa5 Rxa5
21. b4 Ra4 22. Bb3 Rxa1 23. Qxa1 Nd8 24. Qa7 Ne6 25. Bd2 Rd8 26. Bxe6 fxe6
27. Nd4 Bxb4 28. Nxb5 Qxb5 29. cxb4 Rc8 30. Qa5 Qd7 31. Ra1 Be4 32. Qc5 Qd5
33. Qxd5 Bxd5 34. f3 Bc4 35. Ra5 c6 36. Kf2 Kg8 37. Ke3 Rc7 38. Kd4 Bb5 39.
g4 Rd7+ 40. Kc3 Kf7 41. h4 g6 42. h5 gxh5 43. gxh5 Ke8 44. h6 Rd5 45. f4
Ke7 46. Ra7+ Rd7 47. Ra1 c5 48. bxc5 Bc6 49. Rg1 Be4 50. Rg7+ Kd8 51. Kc4
Kc7 52. Rg8 Kc6 53. Rc8+ Rc7 54. Re8 Kd7 55. Rg8 Rb7 56. Ba5 Rb2 57. Rd8+
Ke7 58. Rd6 Rc2+ 59. Bc3 Kf7 60. Rd4 d2 61. Kb3 Kg6 62. Bxd2 Kxh6 63. f5+
Kg7 64. f6+ 1-0

[Event "Corus 2010"]
[Site "Wijk aan Zee"]
[Date "17.01.2010"]
[Round "2"]
[White "Karjakin,Sergey"]
[Black "Dominguez Perez,L"]
[Result "1/2-1/2"]
[WhiteElo "2720"]
[BlackElo "2712"]
[EventDate "2010.01.16"]

1. e4 c5 2. Nf3 d6 3. d4 cxd4 4. Nxd4 Nf6 5. Nc3 a6 6. Be3 e5 7. Nb3 Be6 8.
f3 h5 9. Qd2 Nbd7 10. O-O-O Be7 11. h3 Qc7 12. Bd3 b5 13. g4 b4 14. Ne2 d5
15. g5 dxe4 16. fxe4 Nh7 17. Ng3 g6 18. Nf5 gxf5 19. exf5 Bd5 20. Rhe1 Bf3
21. f6 Nhxf6 22. gxf6 Nxf6 23. Bd4 exd4 24. Qf2 Qf4+ 25. Nd2 Ng4 26. Qxf3
Qxf3 27. Nxf3 Ne3 28. Rd2 Kf8 29. Nxd4 Bg5 30. Nf3 Bf4 31. Kb1 1/2-1/2

[Event "Corus 2010"]
[Site "Wijk aan Zee"]
[Date "18.01.2010"]
[Round "3"]
[White "Dominguez Perez,L"]
[Black "Anand,V"]
[Result "1/2-1/2"]
[WhiteElo "2712"]
[BlackElo "2790"]
[EventDate "2010.01.16"]

1. e4 e5 2. Nf3 Nc6 3. Bb5 a6 4. Ba4 Nf6 5. O-O b5 6. Bb3 Bc5 7. a4 Rb8 8.
c3 d6 9. d4 Bb6 10. axb5 axb5 11. Qd3 Bd7 12. Na3 O-O 13. Nxb5 exd4 14.
cxd4 Ne5 15. dxe5 Bxb5 16. Bc4 Bxc4 17. Qxc4 dxe5 18. Nxe5 Qd6 19. Nd3 Rfd8
20. Ra3 Qd4 21. Qxd4 Rxd4 22. e5 Nd5 23. g3 h6 24. Re1 Nb4 25. Nxb4 Rxb4
26. Rc3 Rb7 27. Rc6 Bd4 28. e6 fxe6 29. Rexe6 Kf7 30. Re2 Bxb2 31. Bf4 R4b6
32. Rxc7+ Rxc7 33. Bxc7 Rb7 34. Bf4 Bf6 35. Kg2 h5 36. Rc2 g6 37. Be3 Rd7
38. Rc4 Be5 39. h3 Bg7 40. f4 Bf6 41. Kf3 Bg7 42. Rb4 Bf6 43. Ke4 Re7+ 44.
Kd3 Rd7+ 45. Ke4 Re7+ 46. Kf3 Rd7 47. Rb5 Rc7 48. Rd5 Ke6 49. Ra5 Kf7 50.
Ra6 Re7 51. g4 hxg4+ 52. hxg4 Re6 53. Ra5 Re7 54. Rb5 Bg7 55. Bc5 Rd7 56.
Ke4 Rd1 57. Rb7+ Kg8 58. Be3 Rd8 59. Bc5 Rd1 60. g5 Re1+ 61. Kd5 Rd1+ 62.
Kc6 Rc1 63. Kd5 Rd1+ 64. Ke4 Re1+ 65. Kd3 Rd1+ 66. Ke2 Rd5 67. Ba7 Ra5 68.
Kf3 Ra3+ 69. Kg4 Ra4 70. Bb8 Ra3 71. Be5 Bxe5 72. fxe5 Re3 73. Kf4 Re1 74.
Ra7 Kf8 75. Ra3 Kf7 76. Re3 Ra1 77. Rf3 1/2-1/2

[Event "Corus 2010"]
[Site "Wijk aan Zee"]
[Date "18.01.2010"]
[Round "3"]
[White "Leko,P"]
[Black "Karjakin,Sergey"]
[Result "1/2-1/2"]
[WhiteElo "2739"]
[BlackElo "2720"]
[EventDate "2010.01.16"]

1. d4 Nf6 2. c4 e6 3. Nf3 b6 4. g3 Ba6 5. Qc2 Bb7 6. Bg2 c5 7. d5 exd5 8.
cxd5 Nxd5 9. O-O Be7 10. Rd1 Nc6 11. Qa4 Nf6 12. Nh4 O-O 13. Nf5 d5 14. Nc3
Nd4 15. Nxd4 cxd4 16. Qxd4 Bc5 17. Qa4 Qc8 18. Nxd5 Nxd5 19. Bxd5 Bxd5 20.
Rxd5 Qe6 21. e4 Rfe8 22. Bf4 Qxe4 23. Qxe4 Rxe4 24. Rad1 Rae8 25. Kf1 f6
26. h4 Kf7 27. a3 a5 28. Bd6 Bxd6 29. Rxd6 R8e6 30. Rd7+ Re7 31. R1d6 Rxd7
32. Rxd7+ Re7 33. Rd8 Re5 34. Rd7+ Re7 35. Rd6 Re6 36. Rd7+ 1/2-1/2

[Event "Corus 2010"]
[Site "Wijk aan Zee"]
[Date "18.01.2010"]
[Round "3"]
[White "Tiviakov,S"]
[Black "Shirov,A"]
[Result "0-1"]
[WhiteElo "2662"]
[BlackElo "2723"]
[EventDate "2010.01.16"]

1. e4 c5 2. Nc3 Nc6 3. Bb5 Nd4 4. Bc4 e6 5. Nge2 Nf6 6. O-O a6 7. d3 b5 8.
Bb3 Nxb3 9. axb3 Bb7 10. f4 d5 11. e5 d4 12. exf6 dxc3 13. fxg7 Bxg7 14.
bxc3 Rg8 15. Rf2 Bxc3 16. Nxc3 Qd4 17. Kf1 Qxc3 18. Ra2 Qd4 19. Qh5 c4 20.
bxc4 bxc4 21. Ra4 Bd5 22. f5 e5 23. Qxh7 Kd7 24. Qh6 Bxg2+ 25. Ke1 Bd5 26.
Ba3 Rg1+ 27. Ke2 Qg4+ 28. Ke3 Re1+ 29. Kd2 Qd1+ 30. Kc3 Qa1+ 31. Kb4 Rb1+
0-1

[Event "Corus 2010"]
[Site "Wijk aan Zee"]
[Date "18.01.2010"]
[Round "3"]
[White "Smeets,J"]
[Black "Ivanchuk,V"]
[Result "0-1"]
[WhiteElo "2657"]
[BlackElo "2749"]
[EventDate "2010.01.16"]

1. e4 c5 2. Nf3 d6 3. d4 cxd4 4. Nxd4 Nf6 5. Nc3 a6 6. Bg5 e6 7. f4 Qc7 8.
Qf3 b5 9. Bxf6 gxf6 10. a3 Bb7 11. Be2 h5 12. O-O-O Nd7 13. f5 e5 14. Nb3
Rc8 15. Kb1 Nb6 16. Rd3 Bh6 17. Qxh5 Ke7 18. Qf3 Nc4 19. Rhd1 Bg5 20. h3
Rh4 21. Qf2 Qb8 22. Bg4 a5 23. Qe2 Rhh8 24. Qe1 Rhd8 25. Nd5+ Bxd5 26. Rxd5
Qc7 27. Qe2 a4 28. Na1 b4 29. axb4 a3 30. Nb3 Nxb2 31. Ra5 Ra8 32. Ka2 Nxd1
33. Qxd1 Qc3 34. Qa1 Qxc2+ 35. Kxa3 Rxa5+ 36. bxa5 Rb8 0-1

[Event "Corus 2010"]
[Site "Wijk aan Zee"]
[Date "18.01.2010"]
[Round "3"]
[White "Van Wely,L"]
[Black "Carlsen,M"]
[Result "0-1"]
[WhiteElo "2641"]
[BlackElo "2810"]
[EventDate "2010.01.16"]

1. Nf3 Nf6 2. c4 e6 3. Nc3 d5 4. d4 Nbd7 5. cxd5 exd5 6. Bg5 Be7 7. e3 c6
8. Qc2 O-O 9. Bd3 Re8 10. h3 Ne4 11. Bxe4 dxe4 12. Nxe4 Qa5+ 13. Kf1 Bf8
14. Bf4 Qf5 15. Nfd2 Nb6 16. Rc1 Nd5 17. g4 Qg6 18. Nd6 Rd8 19. Qxg6 hxg6
20. Nxc8 Nxf4 21. exf4 Rxd4 22. Nb3 Rb4 23. Kg2 Rxc8 24. Rhd1 Rxf4 25. Rd7
Rb4 26. Rc2 Re8 27. Rcd2 Be7 28. Rc7 Bf6 29. Rdd7 b6 30. Rxa7 g5 31. Rd2 c5
32. Ra6 c4 33. Nd4 Bxd4 34. Rxd4 Rxb2 35. Rd7 c3 36. Raa7 Rf8 37. Rdc7 c2
38. Kg3 Rd8 39. Rxf7 Rd3+ 40. Kg2 c1=Q 0-1

[Event "Corus 2010"]
[Site "Wijk aan Zee"]
[Date "19.01.2010"]
[Round "4"]
[White "Carlsen,M"]
[Black "Short,N"]
[Result "1/2-1/2"]
[WhiteElo "2810"]
[BlackElo "2696"]
[EventDate "2010.01.16"]

1. e4 d5 2. exd5 Nf6 3. d4 Bg4 4. Nf3 Nxd5 5. h3 Bxf3 6. Qxf3 c6 7. Be2 g6
8. O-O Bg7 9. Rd1 O-O 10. c4 Nc7 11. Qe4 f5 12. Qe3 Kh8 13. Nc3 Nd7 14. b3
Qe8 15. f4 Qf7 16. Bb2 Rad8 17. Bf3 Bf6 18. Rd2 Qg7 19. Rad1 g5 20. Ne2 Rg8
21. Kf1 h6 22. Ng3 Qg6 23. Qd3 gxf4 24. Nh5 Nc5 25. Qc2 Ne4 26. Re2 Ng3+
27. Nxg3 fxg3 28. d5 cxd5 29. cxd5 Bxb2 30. Qxb2+ Qg7 31. Qc1 Rd7 32. Rde1
Rf8 33. Re5 Nb5 34. Qc5 Nd6 35. Qxa7 Ne4 36. Qd4 e6 37. Rd1 exd5 38. Rxd5
Rxd5 39. Qxg7+ Kxg7 40. Rxd5 Kf6 41. Bxe4 fxe4 42. Ke2 Ke6 43. Rd4 Rf2+ 44.
Ke3 Rxg2 45. Rxe4+ Kd5 46. Rd4+ Ke5 47. Re4+ 1/2-1/2

[Event "Corus 2010"]
[Site "Wijk aan Zee"]
[Date "19.01.2010"]
[Round "4"]
[White "Shirov,A"]
[Black "Smeets,J"]
[Result "1-0"]
[WhiteElo "2723"]
[BlackElo "2657"]
[EventDate "2010.01.16"]

1. e4 e5 2. Nf3 Nf6 3. Nxe5 d6 4. Nf3 Nxe4 5. d4 d5 6. Bd3 Nc6 7. O-O Be7
8. c4 Nb4 9. Be2 O-O 10. Nc3 Bf5 11. a3 Nxc3 12. bxc3 Nc6 13. Re1 Re8 14.
cxd5 Qxd5 15. Bf4 Rac8 16. h3 h6 17. Nd2 Na5 18. Nf1 Qb3 19. Qd2 Nc4 20.
Bxc4 Qxc4 21. Ne3 Qb5 22. c4 Qd7 23. c5 Bg6 24. Rac1 c6 25. Nc4 f6 26. Bxh6
gxh6 27. Qxh6 Bh7 28. Re3 Bf8 29. Rg3+ Kh8 30. Qxf6+ Bg7 31. Qg5 Bxd4 32.
Rd1 Rf8 33. Kh2 Rcd8 34. Ne5 Qc7 35. Rxd4 Rxd4 36. Ng6+ Kg7 37. Nxf8+ 1-0

[Event "Corus 2010"]
[Site "Wijk aan Zee"]
[Date "19.01.2010"]
[Round "4"]
[White "Kramnik,V"]
[Black "Tiviakov,S"]
[Result "1/2-1/2"]
[WhiteElo "2788"]
[BlackElo "2662"]
[EventDate "2010.01.16"]

1. d4 Nf6 2. c4 e6 3. Nc3 Bb4 4. Nf3 b6 5. e3 Bb7 6. Bd3 c5 7. O-O O-O 8.
Bd2 cxd4 9. exd4 d5 10. cxd5 Nxd5 11. Qe2 Be7 12. Rfe1 Nd7 13. Rad1 N7f6
14. Ne5 Rc8 15. Bb1 Nxc3 16. bxc3 Qd5 17. f3 Rc7 18. Qf2 b5 19. Qg3 Rfc8
20. Qh3 g6 21. Bg5 Nh5 22. Bd2 b4 23. c4 Qxd4+ 24. Kh1 Qh4 25. Qg4 Qxg4 26.
fxg4 Ng7 27. Bf4 g5 28. Bg3 f6 29. Nf3 e5 30. Nxe5 fxe5 31. Bxe5 Rxc4 32.
Bxg7 Rxg4 33. h3 Rxg2 34. Be4 Bxe4 35. Rxe4 Kxg7 36. Kxg2 1/2-1/2

[Event "Corus 2010"]
[Site "Wijk aan Zee"]
[Date "21.01.2010"]
[Round "5"]
[White "Caruana,F"]
[Black "Dominguez Perez,L"]
[Result "1/2-1/2"]
[WhiteElo "2675"]
[BlackElo "2712"]
[EventDate "2010.01.16"]

1. d4 Nf6 2. c4 g6 3. Nf3 Bg7 4. g3 d5 5. cxd5 Nxd5 6. Bg2 Nb6 7. Nc3 Nc6
8. e3 O-O 9. O-O Re8 10. Re1 e5 11. d5 Na5 12. e4 c6 13. b3 cxd5 14. exd5
Bg4 15. Ba3 f5 16. Bb4 e4 17. Bxa5 Qd6 18. Rb1 exf3 19. Bf1 a6 20. Re6 Rxe6
21. dxe6 Qc6 22. e7 Re8 23. Bxb6 Bxc3 24. Bd4 Bxd4 25. Qxd4 f4 26. Re1 b5
27. Qxf4 Be6 28. Qf6 Bd7 29. Qe5 Kf7 30. Re3 Qf6 31. Qd5+ Be6 32. Qb7 Bf5
33. Qxf3 Rxe7 34. Rxe7+ Kxe7 35. h4 Bd7 36. Qe3+ Kf8 37. Bg2 Qa1+ 38. Kh2
Qxa2 39. Qd4 Ke7 40. Qg7+ Kd8 41. Qxh7 Be8 42. Qa7 Qxb3 43. Qxa6 Qb4 44.
Qb6+ Ke7 45. Qc7+ Kf8 46. Qe5 Qd2 47. Qf6+ Kg8 48. Be4 b4 49. Bxg6 Bxg6 50.
Qxg6+ Kh8 51. Qf6+ Kh7 52. g4 b3 53. g5 b2 54. Qf7+ Kh8 55. g6 Qh6 56. Qf6+
Kg8 57. Qe6+ Kg7 58. Qf7+ 1/2-1/2

[Event "Corus 2010"]
[Site "Wijk aan Zee"]
[Date "21.01.2010"]
[Round "5"]
[White "Tiviakov,S"]
[Black "Karjakin,Sergey"]
[Result "1/2-1/2"]
[WhiteElo "2662"]
[BlackElo "2720"]
[EventDate "2010.01.16"]

1. e4 e5 2. Nf3 Nc6 3. Bb5 a6 4. Ba4 Nf6 5. Qe2 b5 6. Bb3 Be7 7. c3 d5 8.
d3 O-O 9. O-O Bb7 10. Re1 Re8 11. Nbd2 Bf8 12. a3 Qd7 13. Ba2 Rad8 14. Nf1
h6 15. Ng3 d4 16. Rd1 dxc3 17. bxc3 Na5 18. Bb2 c5 19. Nf5 Qc7 20. Ne3 c4
21. dxc4 Rxd1+ 22. Rxd1 bxc4 23. Nd2 Nxe4 24. Nxe4 Bxe4 25. Nxc4 Bg6 26. h4
Nxc4 27. Qxc4 Qb6 28. Qe2 Bc5 29. Bc1 Qf6 30. Rd5 Rc8 31. Be3 Bxe3 32. Qxe3
Qxh4 33. Rxe5 Qa4 34. Qc1 Rd8 35. Rd5 Re8 36. Rd4 Qa5 37. Bc4 Rc8 38. Rd5
Qa4 39. Be2 Rb8 40. Rd4 Qe8 41. Bd3 Bxd3 42. Rxd3 Qe4 43. Qd1 Rb2 1/2-1/2

[Event "Corus 2010"]
[Site "Wijk aan Zee"]
[Date "21.01.2010"]
[Round "5"]
[White "Van Wely,L"]
[Black "Shirov,A"]
[Result "0-1"]
[WhiteElo "2641"]
[BlackElo "2723"]
[EventDate "2010.01.16"]

1. c4 e5 2. Nc3 Nf6 3. Nf3 Nc6 4. g3 d5 5. cxd5 Nxd5 6. Bg2 Nb6 7. O-O Be7
8. a3 g5 9. d3 g4 10. Nd2 h5 11. b4 h4 12. Nc4 hxg3 13. hxg3 Nxc4 14. dxc4
Nd4 15. Nb5 Ne6 16. Qc2 c6 17. Rd1 Bd7 18. Nd6+ Bxd6 19. Rxd6 Qe7 20. Qd3
Nd4 21. Rxd4 exd4 22. Qxd4 Rh5 23. Bf4 Qxe2 24. Rd1 Be6 25. b5 Kf8 26. Bf1
Qf3 27. Bg2 Qe2 28. Bf1 Qc2 29. bxc6 bxc6 30. Re1 Kg8 31. Bd3 Qb3 32. Bd2
c5 33. Qd6 Bxc4 34. Be4 Bd5 35. Qf4 Bxe4 36. Rxe4 Qd1+ 37. Be1 Qf3 38.
Qxg4+ Qxg4 39. Rxg4+ Kf8 40. Bd2 Rc8 41. Rc4 Ke7 42. g4 Rd5 43. Be3 Kd6 44.
Kf1 Rd1+ 45. Ke2 Ra1 46. Ra4 c4 47. Kd2 c3+ 48. Kc2 Ra2+ 49. Kd3 c2 50. Bc1
Ra1 51. Rd4+ Ke6 52. Re4+ Kf6 53. Re1 Rb1 54. Kd2 Rb7 55. Re3 Kg5 56. f3
Kf4 57. Rd3 Kg3 58. Ke2 Re7+ 59. Kd2 Kf2 0-1

[Event "Corus 2010"]
[Site "Wijk aan Zee"]
[Date "21.01.2010"]
[Round "5"]
[White "Short,N"]
[Black "Ivanchuk,V"]
[Result "1/2-1/2"]
[WhiteElo "2696"]
[BlackElo "2749"]
[EventDate "2010.01.16"]

1. e4 c5 2. Nf3 e6 3. g3 d5 4. exd5 exd5 5. d4 Nc6 6. Bg2 Bd6 7. O-O Nge7
8. dxc5 Bxc5 9. Nbd2 O-O 10. Nb3 Bb6 11. Re1 Bg4 12. h3 Bh5 13. c3 a5 14.
a4 h6 15. Be3 Bxe3 16. Rxe3 Qb6 17. g4 Bg6 18. Nfd4 Rad8 19. Qe2 Nxd4 20.
Nxd4 Nc6 21. Rd1 Rd7 22. h4 Qc7 23. h5 Bh7 24. Rd2 Qf4 25. Qf3 Qxf3 26.
Bxf3 Rfd8 27. Kh2 Kf8 28. Kg3 Nxd4 29. Rxd4 Bc2 30. Re2 Bb3 31. Red2 Rd6
32. Bd1 Bxd1 33. Rxd1 Ke7 34. f3 R8d7 35. R1d2 b6 36. f4 Kf6 37. Kh4 Ke7
38. g5 Rd8 39. Kg4 R8d7 40. f5 hxg5 41. Kxg5 Rd8 42. c4 f6+ 43. Kg6 Rh8 44.
Kxg7 Rxh5 45. Rxd5 Rxd5 46. Rxd5 Rg5+ 47. Kh6 Rg4 48. b3 Rg3 49. Rb5 Rg5
50. Rxb6 Rxf5 51. Rb5 Rf3 52. Kh5 f5 53. Kg6 Ke6 54. Kg5 Kd7 55. Kf6 Kd6
56. Rb6+ Kc7 57. Rb5 Kd6 58. Rd5+ Kc6 59. Ke5 Rxb3 60. Rxa5 f4 61. Kd4 Ra3
62. Rf5 Rxa4 63. Rxf4 1/2-1/2

[Event "Corus 2010"]
[Site "Wijk aan Zee"]
[Date "22.01.2010"]
[Round "6"]
[White "Shirov,A"]
[Black "Short,N"]
[Result "1/2-1/2"]
[WhiteElo "2723"]
[BlackElo "2696"]
[EventDate "2010.01.16"]

1. e4 e5 2. Nf3 Nc6 3. Bb5 a6 4. Ba4 Nf6 5. O-O Be7 6. Re1 b5 7. Bb3 d6 8.
c3 O-O 9. h3 Na5 10. Bc2 c5 11. d4 Nd7 12. Nbd2 exd4 13. cxd4 Re8 14. b3
Nc6 15. Bb2 cxd4 16. Nxd4 Nxd4 17. Bxd4 Bb7 18. a4 Bf6 19. Nf3 bxa4 20.
Rxa4 Rc8 21. Bd3 Nc5 22. Bxc5 Rxc5 23. Bxa6 Bc6 24. Rc4 Rxc4 25. Bxc4 Rxe4
26. Rxe4 Bxe4 27. Bd5 Bxf3 28. Qxf3 Qe7 29. g3 g6 30. b4 Bd4 31. Kg2
1/2-1/2

[Event "Corus 2010"]
[Site "Wijk aan Zee"]
[Date "22.01.2010"]
[Round "6"]
[White "Karjakin,Sergey"]
[Black "Smeets,J"]
[Result "1/2-1/2"]
[WhiteElo "2720"]
[BlackElo "2657"]
[EventDate "2010.01.16"]

1. e4 e5 2. Nf3 Nf6 3. Nxe5 d6 4. Nf3 Nxe4 5. d4 d5 6. Bd3 Nc6 7. O-O Be7
8. c4 Nb4 9. Be2 O-O 10. Nc3 Bf5 11. a3 Nxc3 12. bxc3 Nc6 13. Re1 Re8 14.
cxd5 Qxd5 15. Bf4 Rac8 16. g3 b5 17. Nd2 Na5 18. Nf1 Nc4 19. Bxc4 Qxc4 20.
Ne3 Qe6 21. Nxf5 Qxf5 22. Re5 Qd7 23. Qe2 Bd6 24. Qxb5 c6 25. Rxe8+ 1/2-1/2

[Event "Corus 2010"]
[Site "Wijk aan Zee"]
[Date "22.01.2010"]
[Round "6"]
[White "Dominguez Perez,L"]
[Black "Tiviakov,S"]
[Result "1-0"]
[WhiteElo "2712"]
[BlackElo "2662"]
[EventDate "2010.01.16"]

1. d4 Nf6 2. c4 e6 3. g3 d5 4. Nf3 Bb4+ 5. Bd2 Be7 6. Bg2 c6 7. Bf4 Nbd7 8.
O-O dxc4 9. a4 Nd5 10. Nc3 O-O 11. Nd2 Bb4 12. Nxc4 Nxc3 13. bxc3 Bxc3 14.
Rc1 Bb4 15. Qb3 a5 16. e4 Nb6 17. Ne5 Nd7 18. Nd3 Qb6 19. Be3 Be7 20. Qc2
Qd8 21. Rfd1 Nf6 22. h3 Ne8 23. Qb3 Nc7 24. Ne5 Bb4 25. Nd3 Qe7 26. Nxb4
Qxb4 27. Qc2 Re8 28. d5 exd5 29. exd5 Na6 30. dxc6 bxc6 31. Qxc6 Bf5 32.
Qb5 Be4 33. Rc4 Qxb5 34. axb5 Bxg2 35. Kxg2 Nb4 36. b6 Rab8 37. Rd7 h6 38.
b7 1-0

[Event "Corus 2010"]
[Site "Wijk aan Zee"]
[Date "23.01.2010"]
[Round "7"]
[White "Caruana,F"]
[Black "Anand,V"]
[Result "1/2-1/2"]
[WhiteElo "2675"]
[BlackElo "2790"]
[EventDate "2010.01.16"]

1. d4 d5 2. c4 c6 3. Nc3 Nf6 4. e3 e6 5. Nf3 Nbd7 6. Qc2 Bd6 7. b3 O-O 8.
Be2 b6 9. O-O Bb7 10. Bb2 Rc8 11. Rfd1 c5 12. dxc5 Nxc5 13. cxd5 Nxd5 14.
Bc4 Nb4 15. Qe2 Qe7 16. a3 Nc6 17. b4 Nd7 18. Ne4 Bb8 19. Ba6 Bxa6 20. Qxa6
Nde5 21. Rac1 Nxf3+ 22. gxf3 f5 23. Ng3 f4 24. exf4 Bxf4 25. b5 Bxc1 26.
Rxc1 Qf7 27. bxc6 Qxf3 28. Bd4 Rxc6 29. Rxc6 Qxc6 30. Qxa7 Qc1+ 31. Kg2
Qc6+ 32. Kg1 Qc1+ 33. Kg2 Qc6+ 1/2-1/2

[Event "Corus 2010"]
[Site "Wijk aan Zee"]
[Date "23.01.2010"]
[Round "7"]
[White "Smeets,J"]
[Black "Dominguez Perez,L"]
[Result "1/2-1/2"]
[WhiteElo "2657"]
[BlackElo "2712"]
[EventDate "2010.01.16"]

1. e4 c5 2. Nf3 d6 3. d4 cxd4 4. Nxd4 Nf6 5. Nc3 a6 6. Bg5 e6 7. f4 Nc6 8.
Nxc6 bxc6 9. e5 h6 10. Bh4 g5 11. fxg5 Nd5 12. Ne4 Qb6 13. Bd3 hxg5 14.
Bxg5 Qxb2 15. c4 Be7 16. Bxe7 Ne3 17. Qc1 Nxg2+ 18. Kd1 Ne3+ 19. Ke1 Ng2+
20. Kd1 Ne3+ 21. Qxe3 Qxa1+ 22. Kd2 Qxh1 23. Bxd6 Rxh2+ 24. Be2 Qb1 25.
Nf6+ Kd8 26. Qd4 c5 27. Bxc5+ Kc7 28. Qd6+ Kb7 29. Qe7+ Kc6 30. Qd6+
1/2-1/2

[Event "Corus 2010"]
[Site "Wijk aan Zee"]
[Date "23.01.2010"]
[Round "7"]
[White "Van Wely,L"]
[Black "Karjakin,Sergey"]
[Result "1/2-1/2"]
[WhiteElo "2641"]
[BlackElo "2720"]
[EventDate "2010.01.16"]

1. d4 Nf6 2. c4 e6 3. Nf3 b6 4. g3 Ba6 5. b3 Bb4+ 6. Bd2 Be7 7. Bg2 c6 8.
Bc3 d5 9. Ne5 Nfd7 10. Nxd7 Nxd7 11. Nd2 O-O 12. O-O Rc8 13. e4 c5 14. exd5
exd5 15. dxc5 dxc4 16. cxb6 1/2-1/2

[Event "Corus 2010"]
[Site "Wijk aan Zee"]
[Date "23.01.2010"]
[Round "7"]
[White "Short,N"]
[Black "Kramnik,V"]
[Result "1/2-1/2"]
[WhiteElo "2696"]
[BlackElo "2788"]
[EventDate "2010.01.16"]

1. e4 e5 2. Nf3 Nf6 3. d4 Nxe4 4. dxe5 d5 5. Nbd2 Nc5 6. a3 a5 7. Be2 Be7
8. O-O O-O 9. Re1 Nc6 10. Nf1 Bf5 11. Ng3 Bg6 12. Be3 a4 13. Bb5 Na5 14.
Nd4 c6 15. Bf1 f6 16. exf6 Bxf6 17. Nxc6 bxc6 18. Bxc5 Re8 19. Qd2 Rxe1 20.
Rxe1 Nc4 21. Bxc4 dxc4 22. Qb4 c3 23. bxc3 Qd2 24. Qc4+ Kh8 25. Re2 Qd1+
26. Nf1 Bxc3 27. h3 Rd8 28. Re3 Bd2 29. Rf3 Bg5 30. Qxa4 Bxc2 31. Qa5 h6
32. Be3 Bxe3 33. Rxe3 Qd4 34. Rc3 Be4 35. Ne3 Qd2 36. Qe5 Rf8 37. Kh2 Bd5
38. Rc2 Qd3 39. a4 Qg6 40. Rb2 Re8 41. Rb8 Rxb8 42. Qxb8+ Bg8 43. Qe5 Qf7
44. Nf5 Qa7 45. a5 c5 46. f4 Ba2 47. a6 Bc4 48. Nxh6 Qxa6 49. Nf5 Qf6 50.
Qxc5 Be6 51. g4 Bxf5 52. Qxf5 Qb2+ 53. Kg3 Qc3+ 54. Kh4 Qe1+ 55. Kh5 Qe8+
56. Qg6 Qe3 57. Kg5 Qe7+ 58. Kh5 Qe3 59. Qf7 Qxh3+ 60. Kg5 Qh6+ 61. Kf5 g6+
62. Ke5 Qg5+ 63. fxg5 1/2-1/2

[Event "Corus 2010"]
[Site "Wijk aan Zee"]
[Date "23.01.2010"]
[Round "7"]
[White "Carlsen,M"]
[Black "Ivanchuk,V"]
[Result "1-0"]
[WhiteElo "2810"]
[BlackElo "2749"]
[EventDate "2010.01.16"]

1. d4 d5 2. c4 c6 3. Nc3 Nf6 4. e3 a6 5. Qc2 g6 6. Bd3 Be6 7. b3 Bg7 8.
Nge2 c5 9. cxd5 Nxd5 10. Nxd5 Bxd5 11. e4 Be6 12. Qxc5 Nc6 13. Be3 Rc8 14.
Qa3 O-O 15. Rd1 Nxd4 16. Bxd4 Bxd4 17. Bb1 Bc5 18. b4 Qxd1+ 19. Kxd1 Bxf2
20. Nf4 Bc4 21. Bd3 Rfd8 22. Ke2 Bxd3+ 23. Kxf2 Rc2+ 24. Kf3 Bc4 25. Rc1
Rxa2 26. Qc3 b5 27. Ra1 Rdd2 28. Rxa2 Rxa2 29. h4 h5 30. g4 hxg4+ 31. Kxg4
f6 32. e5 Kf7 33. exf6 exf6 34. Qe3 Rc2 35. Qa7+ 1-0